Statistics for Recognize Former Countries by Shape

Click here to take the quiz!

General Stats

  • This quiz has been taken 4,286 times
    (1,095 since last reset)
  • The average score is 9 of 12

Answer Stats

HintAnswer% Correct
HTML tutorial Texas
98%
HTML tutorial Soviet Union
96%
HTML tutorial Yugoslavia
84%
HTML tutorial Roman Empire
84%
HTML tutorial Czechoslovakia
83%
HTML tutorial West Germany
78%
HTML tutorial Austria-Hungary
73%
HTML tutorial Confederate States
73%
HTML tutorial East Germany
64%
HTML tutorial Newfoundland
56%
HTML tutorial Gran Colombia
42%
HTML tutorial North Vietnam
35%

Score Distribution

Percentile by Number Answered

Percent of People with Each Score

Your Score History

You have not taken this quiz since the last reset